Bariéry podnikania na území SR

Bariéry podnikania na Slovensku podľa Svetového ekonomického fóra, Podnikateľskej aliancii Slovenska a podľa Globálneho monitoru podnikania.

Salvato in:
Dettagli Bibliografici
Autore principale: Meheš, Marek
Natura: Capitolo di libro
Lingua:slovacco
Soggetti:
Tags: Aggiungi Tag
Nessun Tag, puoi essere il primo ad aggiungerne!!

MARC

LEADER 00000naa a2200000 4500
001 0225908
005 20240502073716.2
041 0 |a slo 
044 |a SK 
245 1 0 |a Bariéry podnikania na území SR  |c Marek Meheš 
520 |a Bariéry podnikania na Slovensku podľa Svetového ekonomického fóra, Podnikateľskej aliancii Slovenska a podľa Globálneho monitoru podnikania. 
610 2 0 |a bariéry podnikania 
610 2 0 |a Slovensko 
610 2 0 |a prostredie podnikateľské 
100 1 |a Meheš, Marek